zpět

Detail výsledku týmu

Eden, Heřmanův Městec

Datum a čas kvízu

19.5 Celkem bodů Celkový počet nahraných bodů na tomto kvízu bez doplňovacích otázek.
6. Pořadí na kvízu Konečné umístění týmu na tomto kvízu.

Zaznamenané odpovědi

# Otázka Odpověď Body Výsledky
1. ODS v pondělí představila svou... 1B 2D 3A 4C 1
2. Donald Trump daroval členům sv... boty 0
3. Která zpěvačka minulý týden př... Olga Lounová 0
4. V rámci oslav 75. výročí od vz... Escherichia coli (E. coli) 0
5. V pátek se Česko po 24 letech... Carina Edlingerová; (para)biatlon 1
6. Nejrozšířenějším „národním spo... D 0
7. Za národní sport lze považovat... národní házená (česká házená) 0
8. Některé země mají svůj národní... lakros 1
9. U uzákoněných národních sportů... polo; basketbal 0.5
10. I medailové úspěchy z olympijs... D 0